000 01886nam a2200277Ia 4500
003 Ost
005 20260507074844.0
008 260507s9999||||xx |||||||||||||| ||und||
020 _a9789947037263
040 _cfsecg
041 _aara
082 _a332
100 _aفضيل، فارس
_eمؤلف
245 0 _a التقنيات البنكية :
_bمحاضرات وتطبيقات /
_c فارس فضيل
260 _aالجزائر:
_bالموساك رشيد,
_c2013
300 _a356 صفحة؛
_bجداول
_c24 سم
504 _aملاحق ص. 333 بيبليوغرافيا ص. 341
520 _aهذا الجزء الاول من الكتاب يتكلم فيه الكاتب عن : ماهية البنك ووظائفه وأنواعه الاهداف المختلفة اابنك ، الدور الجوهري للبنك ، مكونات الجهاز البنكي ، تطورات النظام البنكي الجزائري العمل البنكي شروطه مخاطره والتطورات البنكية العالمية الراهنة أدوات الدفع البنكية التقليدية الحساب البنكي ، النقود القانونية ونقود الودائع الاوراق التجارية ، التحويل والاقتطاع ، المقاصة الصيرافة الالكترونية وأدوات الدفع الالكترونية البنوك الالكترونية ، البطاقة البنكية ، النقود الالكترونية وسائل الدفع الالكترونية الاخرى ، تجربة الجزائر في هذا المجال
653 _aالاوراق التجارية
653 _aالاوراق التجارية الالكترونية
653 _aالبطاقات البنكية
653 _aالجزائر -البنوك
653 _aالقروض
653 _aالمصارف
942 _cكتاب
999 _c41528
_d41528